000 00949nam a2200253 a 4500
003 MX-MxUPN
005 20241021130329.0
008 190528s1996 mx r 100 0 spa d
020 _a9686340548
035 _aUPN01000230781
040 _aMX-MxUPN
_bspa
_cMX-MxUPN
041 0 _aspa
050 1 4 _aLB1027.5
_bC66 1995
111 2 _aCongreso Nacional de Orientación Educativa AMPO 95
_n(1° :
_d1995 :
_cUniversidad Autónoma del Estado de Hidalgo)
_954212
245 1 3 _aLa orientación educativa mexicana y los nuevos comportamientos profesionales para el siglo XXI
260 _aMéxico :
_bUniversidad Autónoma del Estado de Hidalgo,
_c1996.
300 _a137 páginas
650 4 _aOrientación educativa
_zMéxico
_vCongresos
_945683
700 1 _aLuna Torres, Lilia Ma.
_954208
_ecoordinación
700 1 _aMárquez Serrano, Eneida
_954209
_ecoordinación
902 _aVíctor Ruiz/211024
942 _2lcc
_cLIBRO
999 _c202876
_d202876